Ley de enjuiciamiento civil
ISBN:
84-340-1231-6
Descripción Física:
989 p. ; 17 cm
Colección:
Colección textos legales ; 35
Otros Autores:
Espanya. Ministerio de Presidencia
MARC
| LEADER | 00000nam a2200000Ia 4500 | ||
|---|---|---|---|
| 001 | 19522 | ||
| 008 | 160829s2000 xx 000 0 cat d | ||
| 020 | |a 84-340-1231-6 | ||
| 080 | |a D-3-181 | ||
| 100 | |a Espanya. Ley de Enjuiciamiento Civil (2000) |9 28023 | ||
| 245 | |a Ley de enjuiciamiento civil | ||
| 250 | |a 14a ed. | ||
| 260 | |a Madrid : |b Ministerio de la Presidencia : |b Boletín Oficial del Estado, |c 2000 | ||
| 300 | |a 989 p. ; |c 17 cm | ||
| 490 | |a Colección textos legales ; 35 | ||
| 590 | |a Índex | ||
| 650 | |a Procediment civil |x Dret i legislació |x Espanya |9 24728 | ||
| 650 | |a Espanya. Ley de Enjuiciamiento Civil (2000) |9 28023 | ||
| 700 | |a Espanya. Ministerio de Presidencia |9 28024 | ||
| 901 | |a Arxiu | ||
| 942 | |n 1 | ||
| 952 | |0 1 |1 0 |2 udc |4 0 |5 2 |6 D3181 |7 1 |9 44639 |a Arxiu |b Arxiu |d 2016-12-01 |l 0 |o D-3-181 |p 19522 |r 2016-12-01 00:00:00 |w 2016-12-01 |y ARXIU | ||
| 999 | |c 47220 |d 47220 | ||